00876nabaa22001697a 4500003000400000005001700004008004100021040000700062100002100069245009100090300001500181505025600196505009000452650002700542650002400569773011300593OSt20260122103006.0190701b xxu||||| |||| 00| 0 spa d cPJ aButeler, Alfonso10aLa estabilidad del acto administrativo de autorización ambiental /cAlfonso Buteler. ap. 121-130 aSumario: I. Introducción.— II. La estabilidad del acto administrativo.— III. Estabilidad y derecho de propiedad.— IV. El acto administrativo de autorización ambiental.— V. La estabilidad del acto de autorización o aprobación ambiental. t¿Te interesa el texto completo? Comunicate al correo: koha@justierradelfuego.gov.ar  0aDERECHO ADMINISTRATIVO 0aACTO ADMINISTRATIVO0 02842dBuenos Aires : AbeledoPerrot, 2012-oDA121tDerecho administrativo. Nº 146 marzo/abril 2023z18510590